| 000 | 00697nam a22002177a 4500 | ||
|---|---|---|---|
| 003 | BPGM | ||
| 008 | 260210b mx ||||| |||| 00| 0 spa d | ||
| 020 | _a968-5964-04-1 | ||
| 040 |
_aISBN _bspa |
||
| 041 |
_aspa _hspa |
||
| 082 | 0 | 4 |
_22006 , _a813 / _bD52 |
| 100 | _aWIESBERGER, LAUREN | ||
| 245 | _aEL DIABLO VISTE A LA MODA | ||
| 260 |
_aMÉXICO : _bRANDOM HOUSE MANDADORI , _c2006. |
||
| 300 |
_a396 páginas ; _c12.3 x 18.2 cm |
||
| 336 |
_2rdacontent _atexto _btxt |
||
| 337 |
_2rdamedia _asin mediación _bn |
||
| 338 |
_2rdacarrier _avolumen _bnc |
||
| 505 | _aUNA NOVELA DELICIOSAME JUGOSA SOBRE LA JEFA MAS DETESTABLE EN LA HISTORIA DE LAS JEFAS DETESTABLES. | ||
| 942 |
_2ddc _cGENERAL |
||
| 999 |
_c68514 _d68514 |
||